| 000 | 00470nam a22001457a 4500 | ||
|---|---|---|---|
| 003 | Macl | ||
| 005 | 20150610154635.0 | ||
| 008 | 150610b xxu||||| |||| 00| 0 eng d | ||
| 040 | _cmacl | ||
| 100 |
_aचौहान,चंचल _9190 |
||
| 245 | _aहिंदी कथा साहित्य | ||
| 260 |
_aइलाहाबाद _bसाहित्य भंडार _c2011 |
||
| 650 |
_aकथा साहित्य _9191 |
||
| 942 |
_2ddc _cHIN |
||
| 999 |
_c49827 _d49827 |
||